History Quiz

Random History Quiz

Clickable Lost Cities and Civilizations Quiz Stats

Quiz not verified by Sporcle

Challenge
Share
Tweet
Embed
Score 0/14 Timer 04:00
0 Plays Today
% Correct
Pompeii, Italy
95.6%
Palenque, Mexico
89.3%
Dunwich, England
88.8%
Roanoke, North Carolina, USA
87.2%
Skara Brae, Scotland
86.4%
Sodom
85.4%
Easter Island
85.4%
% Correct
Atlantis
85.1%
Wittenoom, Australia
83.6%
Angkor, Cambodia
82.5%
Taxila, Pakistan
80.4%
Darwin, California, USA
80.2%
Babylon, Iraq
72.8%
Carthage, Tunisia
64%

You're not logged in!

Compare scores with friends on all Sporcle quizzes.
Sign Up with Email
OR
Log In

You Might Also Like...

Show Comments

Extras

Top Quizzes Today


Score Distribution

Your Account Isn't Verified!

In order to create a playlist on Sporcle, you need to verify the email address you used during registration. Go to your Sporcle Settings to finish the process.